Music Quiz

Random Music Quiz

I Run to You Lyrics Quiz Stats

 Plays Quiz not verified by Sporcle

Score 0/217 Timer 07:00
0 Plays Today
Lyric % Correct
I
100%
I
100%
I
100%
I
100%
I
100%
I
100%
I
100%
I
100%
I
100%
I
100%
I
100%
I
100%
I
100%
I
100%
I
100%
I
100%
I
100%
I
100%
I
100%
I
100%
I
100%
I
100%
I
100%
I
100%
run
97.9%
run
97.9%
run
97.9%
run
97.9%
run
97.9%
run
97.9%
run
97.9%
run
97.9%
to
97.9%
you
97.9%
run
97.9%
to
97.9%
you
97.9%
run
97.9%
to
97.9%
you
97.9%
run
97.9%
to
97.9%
run
97.9%
to
97.9%
you
97.9%
run
97.9%
run
97.9%
to
97.9%
you
97.9%
run
97.9%
to
97.9%
you
97.9%
run
97.9%
to
97.9%
you
97.9%
run
97.9%
to
97.9%
run
97.9%
to
97.9%
you
97.9%
run
97.9%
to
97.9%
you
97.9%
Run
97.9%
to
97.9%
Run
97.9%
to
97.9%
you
97.9%
run
97.9%
to
97.9%
run
97.9%
to
97.9%
you
97.9%
Lyric % Correct
run
97.9%
to
97.9%
you
97.9%
run
97.9%
to
97.9%
you
97.9%
run
97.9%
to
97.9%
you
97.9%
the
93.6%
a
93.6%
And
93.6%
the
93.6%
and
93.6%
the
93.6%
And
93.6%
the
93.6%
a
93.6%
And
93.6%
the
93.6%
a
93.6%
And
93.6%
the
93.6%
from
83%
from
83%
from
83%
from
83%
When
80.9%
when
80.9%
when
80.9%
when
80.9%
when
80.9%
it
76.6%
it
76.6%
it
76.6%
it
76.6%
it
76.6%
is
74.5%
on
74.5%
on
74.5%
Or
72.3%
Or
72.3%
This
72.3%
so
72.3%
This
72.3%
so
72.3%
This
72.3%
so
72.3%
too
70.2%
my
70.2%
me
70.2%
my
70.2%
too
70.2%
fast
70.2%
too
70.2%
life
68.1%
slow
68.1%
all
68.1%
Your
68.1%
life
68.1%
all
68.1%
all
68.1%
world
66%
you're
66%
world
66%
you're
66%
World
66%
you're
66%
running
63.8%
seems
63.8%
spinning
63.8%
faster
63.8%
new
63.8%
Lyric % Correct
disaster
63.8%
baby
63.8%
Baby
63.8%
one
63.8%
of
63.8%
spinning
63.8%
faster
63.8%
new
63.8%
disaster
63.8%
baby
63.8%
Baby
63.8%
one
63.8%
spinning
63.8%
faster
63.8%
new
63.8%
disaster
63.8%
baby
63.8%
Baby
63.8%
one
63.8%
become
61.7%
That's
61.7%
keeps
61.7%
only
61.7%
We
61.7%
only
61.7%
That's
61.7%
keeps
61.7%
only
61.7%
oh
61.7%
keeps
61.7%
only
61.7%
oh
61.7%
prejudice
59.6%
But
59.6%
truth
59.6%
time
59.6%
truth
59.6%
lies
57.4%
why
57.4%
past
55.3%
mine
55.3%
hate
53.2%
pessimists
53.2%
starts
53.2%
Like
53.2%
sands
53.2%
starts
53.2%
starts
53.2%
late
51.1%
coming
51.1%
right
51.1%
coming
51.1%
coming
51.1%
undone
48.9%
fumes
48.9%
through
48.9%
undone
48.9%
undone
48.9%
our
44.7%
loves
44.7%
Into
40.4%
Slipping
40.4%
Into
40.4%
Into
40.4%
yeah
38.3%
girl
38.3%
Whoa
34%
whoa
34%
whoa
34%
whoa
34%
whoa
34%

You're not logged in!

Compare scores with friends on all Sporcle quizzes.
OR
Log In

Show Comments

Extras

Created Aug 2, 2013ReportNominate
Tags:run

Top Quizzes Today


Score Distribution

Your Account Isn't Verified!

In order to create a playlist on Sporcle, you need to verify the email address you used during registration. Go to your Sporcle Settings to finish the process.

Report this User

Report this user for behavior that violates our Community Guidelines.

Details: